|
|
|
|
| LEADER |
00601cam a2200169 7i4500 |
| 001 |
0000006968 |
| 005 |
19991025090000.0 |
| 002 |
##000008693 |
| 020 |
0 |
0 |
|a 9291370592
|
| 090 |
0 |
0 |
|a B 658.312404
|b TRA
|
| 245 |
0 |
0 |
|a Training needs and capacity analysis :
|b a tool for strategy formulation :
|b a tool for strategy formulation :
|b methodological guidelines.
|
| 260 |
0 |
0 |
|a Geneva:
|b UNCTAD/WTO,
|c 1997.
|
| 300 |
0 |
0 |
|a 64 p..
|
| 650 |
0 |
0 |
|a Training needs
|
| 650 |
0 |
0 |
|a Human Resource Development
|
| 710 |
0 |
0 |
|a International Trade Centre (ITC) UNCTAD/WTO
|
| 999 |
|
|
|a 0000008977
|b Book
|c Open shelf
|e Business Information Centre
|